Faculty of Law Library — Cairo University

Official Online Catalog

Annuaire 1967-1968 / (Record no. 68556)

MARC details
000 -LEADER
fixed length control field 00902nam a2200289 i 4500
003 - CONTROL NUMBER IDENTIFIER
control field EG-GICUC
005 - DATE AND TIME OF LATEST TRANSACTION
control field 20260404073842.0
008 - FIXED-LENGTH DATA ELEMENTS--GENERAL INFORMATION
fixed length control field 260404s1968 uk ||||fr|||| 00| 0 fre d
040 ## - CATALOGING SOURCE
Original cataloging agency EG-GiCUC
Transcribing agency EG-GiCUC
Modifying agency EG-GiCUC
Description conventions Rda
Language of cataloging fre
082 04 - DEWEY DECIMAL CLASSIFICATION NUMBER
Edition number 21
Classification number 341.511
Item number CO . A
092 04 - LOCALLY ASSIGNED DEWEY CALL NUMBER (OCLC)
Edition number 21
099 ## - LOCAL FREE-TEXT CALL NUMBER (OCLC)
Classification number Law1 11 341.511 CO . A 1968
111 ## - MAIN ENTRY--MEETING NAME
Meeting name or jurisdiction name as entry element Cour Internationale De Justice
245 10 - TITLE STATEMENT
Title Annuaire 1967-1968 /
Remainder of title
Statement of responsibility, etc. Cour Internationale De Justice.
264 #1 - PRODUCTION, PUBLICATION, DISTRIBUTION, MANUFACTURE, AND COPYRIGHT NOTICE
Place of production, publication, distribution, manufacture la Haye :
Name of producer, publisher, distributor, manufacturer C.i.j.-la Haye,
Date of production, publication, distribution, manufacture, or copyright notice 1947.
300 ## - PHYSICAL DESCRIPTION
Extent 151page :
Other physical details illustration ;
Dimensions 24 cm.
336 ## - CONTENT TYPE
Source rda contenu
Content type term texte
337 ## - MEDIA TYPE
Source rda medias
Media type term Ordinateur
338 ## - CARRIER TYPE
Source transporteur rda
Carrier type term Ressource en ligne
504 ## - BIBLIOGRAPHY, ETC. NOTE
Bibliography, etc. note
546 ## - LANGUAGE NOTE
Language note Texte en français
650 14 - SUBJECT ADDED ENTRY--TOPICAL TERM
Source of heading or term Droit international public
651 1# - SUBJECT ADDED ENTRY--GEOGRAPHIC NAME
Source of heading or term
856 40 - ELECTRONIC LOCATION AND ACCESS
Uniform Resource Identifier <a href="https://fll.law.cu.edu.eg/fulltext/bks/B11-05547.pdf">https://fll.law.cu.edu.eg/fulltext/bks/B11-05547.pdf</a>
905 ## - Cataloger and Reviser Names
Cataloger Name: Dina
942 ## - ADDED ENTRY ELEMENTS (KOHA)
Source of classification or shelving scheme Dewey Decimal Classification
Koha item type Books
Edition 21
Suppress in OPAC No
Holdings
Withdrawn status Lost status Source of classification or shelving scheme Damaged status Not for loan Collection Home library Current library Date acquired Total checkouts Full call number Barcode Date last seen Copy number Price effective from Koha item type
    Dewey Decimal Classification   Not for loan القانون الدولي العام جــــامعة القــاهرة مكتبة كلية الحقوق - المبنى الرئيسي 04.04.2026   Law1 11 341.511 CO . A 1968 1105547 C1 B11-05547 04.04.2026 1 04.04.2026 Books

© All rights reserved — Faculty of Law, Cairo University